[Event "ODEM U25 2010"]
[Site "Oberhof GER"]
[Date "2010.05.27"]
[Round "7"]
[White "Orhan, Eda"]
[Black "Bischoff, Nico"]
[Result "1/2-1/2"]
[Termination "normal"]
[Board "25"]
[WhiteElo "1778"]
[BlackElo "1518"]
[PlyCount "27"]
[WhiteFideId "24659258"]
[BlackFideId "24661007"]
[EventCountry "GER"]
[EventRounds "9"]
[EventType "swiss"]
[EventDate "2010.05.22"]

1. d4 d5 2. Nf3 c5 3. e3 Nc6 4. b3 Nf6 5. Bd3 Bg4 6. Bb2 cxd4 7. exd4 e6 8.
Nbd2 Bd6 9. O-O O-O 10. a3 Re8 11. h3 Bh5 12. c4 Bf4 13. cxd5 exd5 14. Qc2
1/2-1/2

[Event "ODEM U25 2010"]
[Site "Oberhof GER"]
[Date "2010.05.27"]
[Round "7"]
[White "Siegl, Pascal"]
[Black "Geldner, Gerrit"]
[Result "1-0"]
[Termination "normal"]
[Board "26"]
[WhiteElo "1595"]
[BlackElo "1594"]
[PlyCount "78"]
[WhiteFideId "24657069"]
[BlackFideId "24678929"]
[EventCountry "GER"]
[EventRounds "9"]
[EventType "swiss"]
[EventDate "2010.05.22"]

1. e4 c5 2. f4 a6 3. Nf3 d6 4. Nc3 Nc6 5. d4 cxd4 6. Nxd4 Nf6 7. Be3 Qb6 8. Qd2
Qxb2 9. Rb1 Qa3 10. Be2 g6 11. Rb3 Qa5 12. Nxc6 Qc7 13. Nd4 Bg7 14. O-O O-O 15.
f5 b5 16. a3 Bb7 17. Bd3 Rac8 18. Bh6 Qc5 19. Be3 Ng4 20. Nce2 Nxe3 21. Qxe3
Qe5 22. Nf3 Qc5 23. Qxc5 Rxc5 24. a4 Rfc8 25. fxg6 fxg6 26. Nfd4 Re5 27. axb5
axb5 28. Rxb5 Rxb5 29. Nxb5 Rc5 30. Rb1 Bc6 31. Nbd4 Be8 32. Ne6 Rc8 33. Nxg7
Kxg7 34. Nf4 e5 35. Rb7+ Kh6 36. Nd5 Bc6 37. Rb6 Bxd5 38. exd5 Rd8 39. Kf2 Kg5
1-0

[Event "ODEM U25 2010"]
[Site "Oberhof GER"]
[Date "2010.05.27"]
[Round "7"]
[White "Wachinger, David"]
[Black "Hefner, Felix"]
[Result "1-0"]
[Termination "normal"]
[Board "27"]
[WhiteElo "1500"]
[BlackElo "1597"]
[PlyCount "79"]
[WhiteFideId "24692689"]
[BlackFideId "12910651"]
[EventCountry "GER"]
[EventRounds "9"]
[EventType "swiss"]
[EventDate "2010.05.22"]

1. d4 d5 2. c4 e6 3. Nc3 Nf6 4. Bg5 Nbd7 5. Nf3 Be7 6. e3 c6 7. cxd5 exd5 8.
Bd3 O-O 9. O-O Re8 10. Rc1 h6 11. Bxf6 Nxf6 12. Qc2 Bd6 13. Qb1 a6 14. b4 Bg4
15. Nd2 Qb8 16. h3 Be6 17. a4 Qc8 18. e4 dxe4 19. Ncxe4 Nxe4 20. Nxe4 Bf4 21.
Rc3 Bxh3 22. gxh3 Qxh3 23. Ng3 Bxg3 24. Bh7+ Kh8 25. Rxg3 Qh4 26. Bc2 Qxd4 27.
Re1 Qd2 28. Rd1 Qe2 29. Qa1 f6 30. Bb3 Qe4 31. Qc3 Rad8 32. Rxd8 Rxd8 33. Re3
Qg4+ 34. Rg3 Qd4 35. Qe1 Qd7 36. Qe4 f5 37. Qe5 Re8 38. Qc3 f4 39. Rg6 Qe7 40.
Rxh6# 1-0

[Event "ODEM U25 2010"]
[Site "Oberhof GER"]
[Date "2010.05.27"]
[Round "7"]
[White "Kirn, Philipp Sebastian"]
[Black "Grötzbach, Daniel"]
[Result "0-1"]
[Termination "normal"]
[Board "28"]
[WhiteElo "1099"]
[BlackElo "1798"]
[PlyCount "66"]
[BlackFideId "24692166"]
[EventCountry "GER"]
[EventRounds "9"]
[EventType "swiss"]
[EventDate "2010.05.22"]

1. d4 Nf6 2. c4 g6 3. Nc3 Bg7 4. e4 d6 5. f3 O-O 6. Be3 Nbd7 7. Qd2 c5 8. d5 a6
9. Bh6 Rb8 10. h4 b5 11. h5 bxc4 12. Rb1 Ne5 13. g4 Qe8 14. Bxg7 Kxg7 15. hxg6
fxg6 16. Qh6+ Kg8 17. Be2 Rb7 18. Nh3 e6 19. Ng5 Nf7 20. Nxf7 Qxf7 21. Bxc4
Nxg4 22. fxg4 Qf2+ 23. Kd1 Qd4+ 24. Kc2 Qxc4 25. Qe3 Qd4 26. Qxd4 cxd4 27. Ne2
e5 28. g5 Rf2 29. Kd3 Bg4 30. Rhe1 Rbf7 31. Ng1 Bd7 32. Ne2 Bb5+ 33. Kd2 d3 0-1

[Event "ODEM U25 2010"]
[Site "Oberhof GER"]
[Date "2010.05.27"]
[Round "7"]
[White "Alt, Elisabeth"]
[Black "Senf, Paul"]
[Result "1/2-1/2"]
[Termination "normal"]
[Board "29"]
[WhiteElo "1362"]
[BlackElo "1593"]
[PlyCount "62"]
[WhiteFideId "24692620"]
[BlackFideId "12900389"]
[EventCountry "GER"]
[EventRounds "9"]
[EventType "swiss"]
[EventDate "2010.05.22"]

1. e4 c6 2. d4 d5 3. Nc3 dxe4 4. Nxe4 Nd7 5. Ng5 Ngf6 6. Bd3 e6 7. N1f3 Bd6 8.
O-O O-O 9. Qe2 h6 10. Nxe6 fxe6 11. Qxe6+ Kh8 12. Qxd6 Nb6 13. Qxd8 Rxd8 14.
Re1 Bg4 15. c3 Bxf3 16. gxf3 Rd7 17. Bf4 Nfd5 18. Re4 Nxf4 19. Rxf4 Re8 20. Re4
Rf8 21. Rae1 Rdf7 22. Be2 Nd5 23. Bd1 Nf4 24. R1e3 Nd5 25. Re1 Nf4 26. R4e3
Nh3+ 27. Kf1 g5 28. Re8 Kg7 29. R8e7 Kh8 30. Re8 Kg7 31. R8e7 Kh8 1/2-1/2

[Event "ODEM U25 2010"]
[Site "Oberhof GER"]
[Date "2010.05.27"]
[Round "7"]
[White "Jorczik, Andreas Carlos"]
[Black "Schirra, Felix"]
[Result "0-1"]
[Termination "normal"]
[Board "30"]
[WhiteElo "1779"]
[BlackElo "1599"]
[PlyCount "57"]
[WhiteFideId "24634921"]
[BlackFideId "24692662"]
[EventCountry "GER"]
[EventRounds "9"]
[EventType "swiss"]
[EventDate "2010.05.22"]

1. d4 Nf6 2. c4 g6 3. Nc3 Bg7 4. e4 d6 5. f4 O-O 6. Nf3 Nbd7 7. Be2 e5 8. dxe5
dxe5 9. g3 Nc5 10. Qc2 exf4 11. gxf4 Nfxe4 12. Nxe4 Bf5 13. Be3 Bxe4 14. Qd1
Nd3+ 15. Bxd3 Qxd3 16. Qxd3 Bxd3 17. Rd1 Bxc4 18. b3 Be6 19. Ng5 Bf5 20. Kf2
Rad8 21. Rc1 c6 22. Bxa7 Ra8 23. Bc5 Rxa2+ 24. Kf3 Rd8 25. Rhe1 Rd3+ 26. Re3
Rxe3+ 27. Kxe3 Rc2 28. Rxc2 Bxc2 29. Nf3 0-1

[Event "ODEM U25 2010"]
[Site "Oberhof GER"]
[Date "2010.05.27"]
[Round "7"]
[White "Bingert, Tim Niklas"]
[Black "Weber, Yannik"]
[Result "1/2-1/2"]
[Termination "normal"]
[Board "31"]
[WhiteElo "1411"]
[BlackElo "1285"]
[PlyCount "36"]
[WhiteFideId "12917907"]
[BlackFideId "24692700"]
[EventCountry "GER"]
[EventRounds "9"]
[EventType "swiss"]
[EventDate "2010.05.22"]

1. e4 e5 2. Nf3 Nc6 3. Bb5 a6 4. Bxc6 bxc6 5. Nc3 d6 6. h3 Be6 7. O-O Qf6 8. d4
Qg6 9. Kh1 exd4 10. Qxd4 c5 11. Qa4+ Bd7 12. Qa5 Ra7 13. Nd5 Kd8 14. Re1 Ne7
15. c4 Nc6 16. Qd2 Be7 17. a3 Qh5 18. Qe2 Bg4 1/2-1/2

[Event "ODEM U25 2010"]
[Site "Oberhof GER"]
[Date "2010.05.27"]
[Round "7"]
[White "Dohmann, Dorothea"]
[Black "Eggert, André"]
[Result "1-0"]
[Termination "normal"]
[Board "32"]
[WhiteElo "1844"]
[BlackElo "1300"]
[PlyCount "103"]
[WhiteFideId "12915459"]
[BlackFideId "1270464"]
[EventCountry "GER"]
[EventRounds "9"]
[EventType "swiss"]
[EventDate "2010.05.22"]

1. e4 d5 2. exd5 Qxd5 3. Nc3 Qa5 4. Nf3 Bg4 5. Bc4 e6 6. d4 c6 7. Qd3 Bxf3 8.
Qxf3 Nf6 9. Bb3 Bb4 10. Bd2 O-O 11. a3 Bxc3 12. Bxc3 Qd8 13. O-O-O Nbd7 14. h4
Nd5 15. Bd2 Qf6 16. Bxd5 cxd5 17. Qg3 Rac8 18. Qd6 Nb6 19. Qf4 Qxf4 20. Bxf4
Nc4 21. g4 Rc6 22. Kb1 Nd6 23. Bxd6 Rxd6 24. h5 Re8 25. f4 Rd7 26. Rde1 Rde7
27. g5 Kf8 28. Re2 b5 29. Rf1 g6 30. hxg6 fxg6 31. Rh2 Kg8 32. b3 Rc8 33. Kb2
Rc6 34. Ra1 a5 35. c3 Rec7 36. Rc2 Rf7 37. Rf1 Rg7 38. b4 a4 39. Re1 Rf7 40.
Rf1 Re7 41. Re2 Kf7 42. Rh1 Kg8 43. Re5 Rf7 44. Rhe1 Re7 45. Rxd5 Rf7 46. Rxb5
Rxf4 47. Rbe5 Rf2+ 48. R1e2 Rf3 49. Rxe6 Rxe6 50. Rxe6 Rf2+ 51. Kc1 Ra2 52. d5
1-0

[Event "ODEM U25 2010"]
[Site "Oberhof GER"]
[Date "2010.05.27"]
[Round "7"]
[White "Rosenberger, Andreas"]
[Black "Leddin, Mathias"]
[Result "1-0"]
[Termination "normal"]
[Board "33"]
[WhiteElo "1441"]
[BlackElo "1672"]
[PlyCount "39"]
[WhiteFideId "12900192"]
[BlackFideId "4654684"]
[EventCountry "GER"]
[EventRounds "9"]
[EventType "swiss"]
[EventDate "2010.05.22"]

1. e4 e5 2. Bc4 Nf6 3. Nc3 Bb4 4. d3 d5 5. exd5 Nxd5 6. Qh5 O-O 7. Nge2 Nc6 8.
O-O Nf6 9. Qh4 Na5 10. Bxf7+ Rxf7 11. Qxb4 Ng4 12. f3 Nc6 13. Qc4 Nxh2 14. Kxh2
Nd4 15. Nxd4 Qh4+ 16. Kg1 exd4 17. Ne4 b5 18. Bg5 Qxg5 19. Qxf7+ Kxf7 20. Nxg5+
1-0

[Event "ODEM U25 2010"]
[Site "Oberhof GER"]
[Date "2010.05.27"]
[Round "7"]
[White "Erben, Katrin"]
[Black "Heinz, Maria"]
[Result "1-0"]
[Termination "normal"]
[Board "34"]
[WhiteElo "1044"]
[BlackElo "1203"]
[PlyCount "95"]
[WhiteFideId "24692743"]
[EventCountry "GER"]
[EventRounds "9"]
[EventType "swiss"]
[EventDate "2010.05.22"]

1. e4 c5 2. Nf3 d6 3. Bc4 Nf6 4. Nc3 a6 5. O-O Nc6 6. d3 b5 7. Bb3 Bb7 8. Nd5
e6 9. Nxf6+ gxf6 10. c3 Qc7 11. Be3 O-O-O 12. Rc1 Ne5 13. Nxe5 fxe5 14. Qf3 Be7
15. Qxf7 Kb8 16. Qxe6 Bc8 17. Qh6 Rdg8 18. Bd2 Rg6 19. Qe3 Rf8 20. Kh1 Bg5 21.
Qe2 Qg7 22. Bxg5 Rxg5 23. Rg1 Rf6 24. f3 Rh6 25. g4 Rhg6 26. h4 Rh6 27. h5 Qf8
28. Qe3 Rg7 29. g5 Rxh5+ 30. Kg2 Rhxg5+ 31. Kf2 Rxg1 32. Rxg1 Rxg1 33. Kxg1
Qg7+ 34. Kf2 h5 35. f4 exf4 36. Qxf4 Qe7 37. Kg3 Qe5 38. Qxe5 dxe5 39. Bf7 Bg4
40. Kh4 Kc7 41. Bxh5 Bxh5 42. Kxh5 Kd6 43. Kg5 Ke6 44. Kg4 c4 45. dxc4 bxc4 46.
b3 cxb3 47. axb3 a5 48. Kg5 1-0

[Event "ODEM U25 2010"]
[Site "Oberhof GER"]
[Date "2010.05.28"]
[Round "8"]
[White "Figura, Atila Gajo"]
[Black "Wurm, Alexander"]
[Result "1-0"]
[Termination "normal"]
[Board "1"]
[WhiteTitle "FM"]
[WhiteElo "2418"]
[BlackElo "2063"]
[PlyCount "57"]
[WhiteFideId "4688058"]
[BlackFideId "24637246"]
[EventCountry "GER"]
[EventRounds "9"]
[EventType "swiss"]
[EventDate "2010.05.22"]

1. Nf3 Nf6 2. c4 g6 3. Nc3 Bg7 4. e4 d6 5. d4 O-O 6. Be2 e5 7. Be3 Nc6 8. d5
Ne7 9. Nd2 Ne8 10. O-O f5 11. f3 f4 12. Bf2 g5 13. c5 Rf7 14. Nc4 Bf8 15. cxd6
cxd6 16. Nb5 b6 17. a4 h5 18. a5 Rg7 19. axb6 g4 20. Rxa7 Rb8 21. Bh4 g3 22.
Nc7 gxh2+ 23. Kxh2 Nxc7 24. bxc7 Qd7 25. cxb8=Q Rxg2+ 26. Kxg2 Qh3+ 27. Kg1
Qxh4 28. Qe1 Qxe1 29. Rxe1 1-0

[Event "ODEM U25 2010"]
[Site "Oberhof GER"]
[Date "2010.05.28"]
[Round "8"]
[White "Magnussen, Helge"]
[Black "Müller, Reinhold"]
[Result "0-1"]
[Termination "normal"]
[Board "2"]
[WhiteElo "2063"]
[BlackElo "2279"]
[PlyCount "90"]
[WhiteFideId "24632651"]
[BlackFideId "24605875"]
[EventCountry "GER"]
[EventRounds "9"]
[EventType "swiss"]
[EventDate "2010.05.22"]

1. d4 Nf6 2. c4 c5 3. d5 d6 4. Nc3 g6 5. Nf3 Bg7 6. g3 O-O 7. Bg2 e6 8. O-O
exd5 9. cxd5 Na6 10. h3 Rb8 11. a4 Nb4 12. e4 Re8 13. Re1 b6 14. Bf1 a6 15. g4
h5 16. g5 Nd7 17. Be3 Ne5 18. Nh2 c4 19. Qd2 Ned3 20. Reb1 f5 21. gxf6 Qxf6 22.
Bg2 Nxb2 23. Qxb2 Qxc3 24. Qxc3 Bxc3 25. Ra3 Be1 26. Rxe1 Nc2 27. Raa1 Nxe1 28.
Rxe1 b5 29. a5 b4 30. Bb6 Bd7 31. Rb1 c3 32. Bd4 Rec8 33. Rc1 b3 34. Rxc3 Rxc3
35. Bxc3 b2 36. Bxb2 Rxb2 37. Nf3 Ra2 38. e5 Rxa5 39. e6 Be8 40. Ng5 Ra1+ 41.
Kh2 Kf8 42. Kg3 a5 43. Kf3 a4 44. Ke3 a3 45. Ne4 a2 0-1

[Event "ODEM U25 2010"]
[Site "Oberhof GER"]
[Date "2010.05.28"]
[Round "8"]
[White "Künstler, Christian"]
[Black "Zuferi, Enis"]
[Result "1-0"]
[Termination "normal"]
[Board "3"]
[WhiteElo "2005"]
[BlackElo "1853"]
[PlyCount "75"]
[WhiteFideId "24602361"]
[BlackFideId "24692530"]
[EventCountry "GER"]
[EventRounds "9"]
[EventType "swiss"]
[EventDate "2010.05.22"]

1. e4 c5 2. Nf3 d6 3. Bb5+ Nd7 4. d4 Ngf6 5. Nc3 cxd4 6. Qxd4 e5 7. Qd3 h6 8.
Be3 Be7 9. O-O O-O 10. Bc4 Qc7 11. Bb3 a6 12. a4 Nc5 13. Bxc5 Qxc5 14. Nh4 Rd8
15. Rad1 Bg4 16. Rd2 Nh5 17. Nf5 Bg5 18. Ne3 Be6 19. Ncd5 b5 20. axb5 axb5 21.
Rdd1 Ra7 22. g3 Nf6 23. Nxf6+ Bxf6 24. Nd5 Be7 25. Ra1 Rdd7 26. Kg2 g5 27. Rad1
Bd8 28. h3 Kg7 29. Qf3 Ra6 30. Ne3 Rda7 31. Nf5+ Kg6 32. h4 Ra8 33. Rh1 d5 34.
Bxd5 Bxd5 35. Rxd5 Qxc2 36. Nd6 Qc7 37. Qf5+ Kg7 38. Ne8+ 1-0

[Event "ODEM U25 2010"]
[Site "Oberhof GER"]
[Date "2010.05.28"]
[Round "8"]
[White "Seidler, Lukas"]
[Black "Zentgraf, Robert"]
[Result "1-0"]
[Termination "normal"]
[Board "4"]
[WhiteElo "2089"]
[BlackElo "2107"]
[PlyCount "107"]
[WhiteFideId "12900095"]
[BlackFideId "4676483"]
[EventCountry "GER"]
[EventRounds "9"]
[EventType "swiss"]
[EventDate "2010.05.22"]

1. d4 Nf6 2. c4 e5 3. dxe5 Ng4 4. Nf3 Nc6 5. e3 Bb4+ 6. Bd2 Bxd2+ 7. Qxd2 O-O
8. Nc3 Ngxe5 9. Be2 d6 10. O-O Be6 11. b3 Re8 12. Nd4 Nxd4 13. exd4 Ng6 14. f4
Qc8 15. Rf2 Bg4 16. Bf1 h5 17. f5 Bxf5 18. Qg5 Ne7 19. Re1 f6 20. Qxh5 Bg6 21.
Qf3 c6 22. Qg3 Kf7 23. Qxd6 Nf5 24. Rxe8 Kxe8 25. Qf4 Qd8 26. Qg4 Kf7 27. c5
Ne3 28. Bc4+ Nxc4 29. bxc4 Bd3 30. Ne4 Qe7 31. Nd6+ Kg8 32. g3 b6 33. Qf3 bxc5
34. dxc5 Bb1 35. Qxc6 Rd8 36. Qd5+ Kh7 37. Qh5+ Kg8 38. Qd5+ Kh7 39. Qh5+ Kg8
40. Re2 Qd7 41. Rb2 Be4 42. Re2 f5 43. Qg5 Rb8 44. Nxe4 Rb1+ 45. Kg2 Qd1 46.
Rf2 Qg1+ 47. Kh3 fxe4 48. Qd5+ Kh7 49. Qxe4+ Kh6 50. Qe6+ Kh7 51. Qf5+ Kh8 52.
Qh5+ Kg8 53. Qe8+ Kh7 54. Rf5 1-0

[Event "ODEM U25 2010"]
[Site "Oberhof GER"]
[Date "2010.05.28"]
[Round "8"]
[White "Bulygin, Anton"]
[Black "Weber, Max"]
[Result "1/2-1/2"]
[Termination "normal"]
[Board "5"]
[WhiteElo "2051"]
[BlackElo "1888"]
[PlyCount "71"]
[WhiteFideId "24143022"]
[BlackFideId "4624831"]
[EventCountry "GER"]
[EventRounds "9"]
[EventType "swiss"]
[EventDate "2010.05.22"]

1. c4 Nf6 2. Nc3 d5 3. d4 g6 4. Bg5 Ne4 5. Bf4 Nxc3 6. bxc3 dxc4 7. Qa4+ c6 8.
Qxc4 Bg7 9. Nf3 O-O 10. e3 Nd7 11. Be2 Nb6 12. Qb3 Nd5 13. O-O Nxf4 14. exf4
Qc7 15. Ne5 Be6 16. Bc4 Bxc4 17. Qxc4 Rac8 18. Rfe1 e6 19. Rab1 Rfd8 20. Qa4 b6
21. g3 Rd5 22. Rbd1 Bxe5 23. Rxe5 Rcd8 24. Ree1 a5 25. Re5 c5 26. Rxd5 Rxd5 27.
Rb1 cxd4 28. cxd4 Qd6 29. Rd1 Qd7 30. Qxd7 Rxd7 31. Kg2 b5 32. Kf3 Kf8 33. Ke3
Ke7 34. Rc1 Kd6 35. Rc5 Rb7 36. Kd3 1/2-1/2

[Event "ODEM U25 2010"]
[Site "Oberhof GER"]
[Date "2010.05.28"]
[Round "8"]
[White "Höpfner, Tim"]
[Black "Gölz, Daniel"]
[Result "0-1"]
[Termination "normal"]
[Board "6"]
[WhiteElo "1877"]
[BlackElo "2095"]
[PlyCount "94"]
[WhiteFideId "4638310"]
[BlackFideId "24626325"]
[EventCountry "GER"]
[EventRounds "9"]
[EventType "swiss"]
[EventDate "2010.05.22"]

1. d4 Nf6 2. c4 d6 3. Nc3 Bf5 4. Nf3 g6 5. Nh4 Bd7 6. e4 Bg7 7. Nf3 O-O 8. Be2
e5 9. Be3 Nc6 10. d5 Ne7 11. Nd2 Ne8 12. f3 f5 13. b4 f4 14. Bf2 g5 15. Qc2 a5
16. b5 h5 17. a4 g4 18. Nb3 Ng6 19. O-O-O Nh4 20. Rhg1 Qg5 21. Bxh4 Qxh4 22.
Rh1 Nf6 23. c5 Rf7 24. Bc4 Bf8 25. c6 Bc8 26. cxb7 Bxb7 27. Be2 Rg7 28. Rdf1
Kh8 29. Bd1 Be7 30. Nb1 Qg5 31. Na3 Bd8 32. Nc4 Nxd5 33. exd5 Bxd5 34. Nbxa5 c5
35. Nc6 Bxc6 36. Nxd6 Bd5 37. Ne4 Qe7 38. Be2 c4 39. Nc3 Bg8 40. Qb2 Bb6 41.
fxg4 Be3+ 42. Kb1 hxg4 43. h3 Bh7+ 44. Ka2 Bd4 45. Bd1 g3 46. Re1 Qd8 47. Rhf1
Qa5 0-1

[Event "ODEM U25 2010"]
[Site "Oberhof GER"]
[Date "2010.05.28"]
[Round "8"]
[White "Simon, Christopher"]
[Black "Remy, Janina"]
[Result "1/2-1/2"]
[Termination "normal"]
[Board "7"]
[WhiteElo "1922"]
[BlackElo "1989"]
[PlyCount "124"]
[WhiteFideId "24618772"]
[BlackFideId "24627348"]
[EventCountry "GER"]
[EventRounds "9"]
[EventType "swiss"]
[EventDate "2010.05.22"]

1. Nf3 d5 2. g3 Nf6 3. Bg2 c6 4. d3 Bf5 5. Nbd2 h6 6. O-O Nbd7 7. Re1 e6 8. e4
dxe4 9. Nxe4 Be7 10. Bf4 Nc5 11. Nxf6+ Bxf6 12. d4 Na4 13. b3 Nc3 14. Qd2 Nd5
15. Be5 O-O 16. c4 Nc7 17. Rad1 Rc8 18. Qb4 b5 19. Bd6 a5 20. Bxc7 axb4 21.
Bxd8 Rfxd8 22. Ne5 bxc4 23. Nxc6 Rd6 24. Nxb4 cxb3 25. axb3 Rb6 26. Nd3 Bxd4
27. Nf4 Bf6 28. Rc1 Rxc1 29. Rxc1 Rxb3 30. h3 Bg5 31. Rc8+ Kh7 32. Ne2 Rb1+ 33.
Kh2 Rb2 34. Nd4 Rxf2 35. Nxf5 exf5 36. Rc6 f4 37. gxf4 Bxf4+ 38. Kg1 Re2 39.
Bf3 Be3+ 40. Kh1 Re1+ 41. Kg2 Rg1+ 42. Kh2 Rc1 43. Be4+ g6 44. Ra6 Rc7 45. Kg2
Kg7 46. Kf3 Bg5 47. Rb6 f5 48. Bd3 Re7 49. Bc4 Re3+ 50. Kg2 f4 51. Bd5 Rg3+ 52.
Kh2 Bh4 53. Rc6 f3 54. Rc7+ Kf6 55. Rf7+ Ke5 56. Bxf3 g5 57. Bg4 Ra3 58. Rf5+
Ke4 59. Rf6 Bg3+ 60. Kg2 Bf4 61. Rxh6 Ra2+ 62. Kf1 Ra1+ 1/2-1/2

[Event "ODEM U25 2010"]
[Site "Oberhof GER"]
[Date "2010.05.28"]
[Round "8"]
[White "Huhnstock, Rico"]
[Black "Lehmann, Ruben"]
[Result "1/2-1/2"]
[Termination "normal"]
[Board "8"]
[WhiteElo "1918"]
[BlackElo "1851"]
[PlyCount "58"]
[WhiteFideId "24642932"]
[BlackFideId "24671177"]
[EventCountry "GER"]
[EventRounds "9"]
[EventType "swiss"]
[EventDate "2010.05.22"]

1. e4 c6 2. d4 d5 3. exd5 cxd5 4. Bd3 Nc6 5. c3 Nf6 6. h3 e6 7. Nf3 Bd6 8. O-O
Qc7 9. Re1 O-O 10. Bg5 Ne8 11. Bc2 Rb8 12. Qd3 g6 13. Bh6 Ng7 14. Qe2 b5 15. b4
Re8 16. Bd3 a6 17. Nbd2 e5 18. dxe5 Nxe5 19. Rac1 Bf5 20. Bxf5 Nxf5 21. Be3
Rbc8 22. Nf1 Nxe3 23. Nxe3 Nxf3+ 24. Qxf3 d4 25. Nd5 Rxe1+ 26. Rxe1 Qc4 27.
cxd4 Bxb4 28. Nxb4 Qxb4 29. Rd1 Qd6 1/2-1/2

[Event "ODEM U25 2010"]
[Site "Oberhof GER"]
[Date "2010.05.28"]
[Round "8"]
[White "Siebarth, Marco"]
[Black "Isakson, Alex"]
[Result "1/2-1/2"]
[Termination "normal"]
[Board "9"]
[WhiteElo "2049"]
[BlackElo "1926"]
[PlyCount "31"]
[WhiteFideId "24604330"]
[BlackFideId "24637351"]
[EventCountry "GER"]
[EventRounds "9"]
[EventType "swiss"]
[EventDate "2010.05.22"]

1. Nc3 Nf6 2. e4 d5 3. e5 Ne4 4. Nxe4 dxe4 5. d4 exd3 6. Qxd3 Qxd3 7. Bxd3 Nc6
8. f4 g6 9. a3 Be6 10. Be3 O-O-O 11. Nf3 Bh6 12. Kf2 f6 13. exf6 exf6 14. Rhe1
Rhe8 15. g3 f5 16. Rad1 1/2-1/2

[Event "ODEM U25 2010"]
[Site "Oberhof GER"]
[Date "2010.05.28"]
[Round "8"]
[White "Ehlers, Michael"]
[Black "Feller, Florian"]
[Result "1-0"]
[Termination "normal"]
[Board "10"]
[WhiteElo "1958"]
[BlackElo "1933"]
[PlyCount "63"]
[WhiteFideId "4674537"]
[BlackFideId "4640896"]
[EventCountry "GER"]
[EventRounds "9"]
[EventType "swiss"]
[EventDate "2010.05.22"]

1. f4 g6 2. e4 c5 3. Nf3 Bg7 4. Nc3 e6 5. e5 d6 6. Bb5+ Kf8 7. d4 a6 8. Be2
cxd4 9. Nxd4 d5 10. Be3 Ne7 11. Qd2 Nd7 12. g4 Nc6 13. h4 Qe7 14. O-O-O Qb4 15.
h5 Ke8 16. hxg6 hxg6 17. Rxh8+ Bxh8 18. Rh1 Bg7 19. a3 Qa5 20. Nb3 Qc7 21. Na4
b6 22. Bd3 Bb7 23. Qh2 Ncxe5 24. fxe5 d4 25. Nxd4 Bxh1 26. Qxh1 Rd8 27. Nxe6
Qxe5 28. Nxg7+ Qxg7 29. Nxb6 Ne5 30. Bxa6 Nxg4 31. Bc5 f5 32. Qc6+ 1-0

[Event "ODEM U25 2010"]
[Site "Oberhof GER"]
[Date "2010.05.28"]
[Round "8"]
[White "Veit, Björn"]
[Black "Arps, Jan-Philipp"]
[Result "0-1"]
[Termination "normal"]
[Board "11"]
[WhiteElo "1742"]
[BlackElo "2013"]
[PlyCount "46"]
[WhiteFideId "24600717"]
[BlackFideId "24645680"]
[EventCountry "GER"]
[EventRounds "9"]
[EventType "swiss"]
[EventDate "2010.05.22"]

1. d4 Nf6 2. c4 c5 3. d5 e6 4. Nc3 exd5 5. cxd5 d6 6. e4 g6 7. Bg5 h6 8. Bh4 g5
9. Bg3 a6 10. Bd3 b5 11. b3 Bg7 12. Nge2 Nh5 13. Rc1 O-O 14. O-O Bg4 15. f3
Nxg3 16. hxg3 Bd7 17. g4 Qa5 18. Qc2 c4 19. bxc4 bxc4 20. Qb1 cxd3 21. Qb7 Qc5+
22. Kh1 dxe2 23. Nxe2 Qa7 0-1

[Event "ODEM U25 2010"]
[Site "Oberhof GER"]
[Date "2010.05.28"]
[Round "8"]
[White "Becker, Carsten"]
[Black "Adelhütte, Dennis"]
[Result "1-0"]
[Termination "normal"]
[Board "12"]
[WhiteElo "2007"]
[BlackElo "1923"]
[PlyCount "109"]
[WhiteFideId "24646822"]
[BlackFideId "4661265"]
[EventCountry "GER"]
[EventRounds "9"]
[EventType "swiss"]
[EventDate "2010.05.22"]

1. d4 Nf6 2. Nf3 g6 3. g3 Bg7 4. Bg2 O-O 5. O-O d6 6. h3 Nbd7 7. Nc3 c5 8. d5
a6 9. a4 Re8 10. e4 Qc7 11. Bf4 Nh5 12. Be3 Ne5 13. Nd2 Nf6 14. f4 Ned7 15. Nc4
Nb6 16. Nd2 e6 17. a5 Nbd7 18. Nc4 e5 19. f5 b5 20. axb6 Nxb6 21. Nxb6 Qxb6 22.
Na4 Qc7 23. g4 Nd7 24. Qf3 Rf8 25. g5 Nb6 26. f6 Bh8 27. Nc3 Bd7 28. h4 Qc8 29.
Qg3 Nc4 30. Bc1 h5 31. b3 Nb6 32. Bf3 Be8 33. Be3 Qc7 34. Kh2 c4 35. b4 Nd7 36.
Rg1 a5 37. bxa5 Rxa5 38. Qf2 Nc5 39. Qe2 Na4 40. Nxa4 Bxa4 41. Bxh5 Rfa8 42.
Qf2 Qb7 43. Bf3 Qb2 44. Rac1 Be8 45. Be2 Qc3 46. h5 Ra2 47. Bg4 R8a3 48. Rg3
Rb2 49. hxg6 fxg6 50. Rh3 Raa2 51. Bd1 Rb7 52. Qh4 Bxf6 53. gxf6 Kf7 54. Qh7+
Kf8 55. Bh6+ 1-0

[Event "ODEM U25 2010"]
[Site "Oberhof GER"]
[Date "2010.05.28"]
[Round "8"]
[White "Valet, Alexander"]
[Black "Yin, Stanley"]
[Result "1/2-1/2"]
[Termination "normal"]
[Board "13"]
[WhiteElo "1901"]
[BlackElo "1976"]
[PlyCount "64"]
[WhiteFideId "24682560"]
[BlackFideId "24622729"]
[EventCountry "GER"]
[EventRounds "9"]
[EventType "swiss"]
[EventDate "2010.05.22"]

1. e4 c6 2. d4 Na6 3. Nc3 Nc7 4. Nf3 d6 5. Bf4 g6 6. h3 Nf6 7. Qd2 b5 8. Bd3 a5
9. O-O Bg7 10. a3 O-O 11. Bh6 Bb7 12. Rfe1 b4 13. Na4 bxa3 14. bxa3 Ne6 15.
Bxg7 Kxg7 16. Rab1 Qc7 17. c4 Nd7 18. Qb2 Nd8 19. Nb6 Nxb6 20. Qxb6 Qc8 21. d5
e5 22. Rec1 Ra6 23. Qb2 c5 24. Nh4 f6 25. Rf1 Qc7 26. f4 Bc8 27. fxe5 fxe5 28.
Rxf8 Kxf8 29. Qb8 Ra7 30. Nf3 Ke8 31. Qxc7 Rxc7 32. Nd2 Rb7 1/2-1/2

[Event "ODEM U25 2010"]
[Site "Oberhof GER"]
[Date "2010.05.28"]
[Round "8"]
[White "Carow, Annelen"]
[Black "Eigemann, Julian"]
[Result "1-0"]
[Termination "normal"]
[Board "14"]
[WhiteElo "1773"]
[BlackElo "1841"]
[PlyCount "67"]
[WhiteFideId "24692492"]
[BlackFideId "24666599"]
[EventCountry "GER"]
[EventRounds "9"]
[EventType "swiss"]
[EventDate "2010.05.22"]

1. d4 Nf6 2. c4 g6 3. Nc3 Bg7 4. e4 d6 5. f3 O-O 6. Be3 c5 7. Nge2 Nc6 8. Qd2
e6 9. d5 exd5 10. cxd5 Ne5 11. Ng3 h5 12. Bg5 a6 13. f4 Ned7 14. Bd3 b5 15. O-O
c4 16. Bc2 Qb6+ 17. Kh1 Nh7 18. Bh4 Nc5 19. e5 dxe5 20. f5 Nd3 21. Bxd3 cxd3
22. Nce4 Re8 23. Qxd3 Qd4 24. Qf3 Ra7 25. Rad1 Qb6 26. d6 Rd7 27. fxg6 fxg6 28.
Be7 Kh8 29. Qf7 Rf8 30. Qb3 Re8 31. Rc1 Ra7 32. Nc5 Bd7 33. Qf7 h4 34. Nxd7 1-0